[Event "FIDE Steinitz Mem Women"]
[Site "chess24.com INT"]
[Date "2020.05.15"]
[Round "1.3"]
[White "Cori T., Deysi"]
[Black "Lagno, Kateryna"]
[Result "0-1"]
[WhiteTitle "WGM"]
[BlackTitle "GM"]
[WhiteElo "2388"]
[BlackElo "2546"]
[WhiteFideId "3801934"]
[BlackFideId "14109336"]
[EventDate "2020.05.15"]

1. d4 Nf6 2. c4 g6 3. Nc3 d5 4. cxd5 Nxd5 5. e4 Nxc3 6. bxc3 Bg7 7. Bg5 c5 8.
Rc1 h6 9. Be3 O-O 10. Nf3 Qa5 11. Qd2 cxd4 12. cxd4 Qxd2+ 13. Kxd2 Rd8 14. Bd3
Nc6 15. d5 Nb4 16. Rc7 e6 17. Bc4 exd5 18. exd5 Nxd5 19. Bxd5 Rxd5+ 20. Ke2 Rb5
21. Rhc1 Bf5 22. Nd4 Be4 23. f3 Rb2+ 24. Kf1 Bd5 25. Rd7 Bxa2 26. Rxb7 Rxb7 27.
Nc6 Kh7 0-1

[Event "FIDE Steinitz Mem Women"]
[Site "chess24.com INT"]
[Date "2020.05.15"]
[Round "1.4"]
[White "Paehtz, Elisabeth"]
[Black "Tan, Zhongyi"]
[Result "0-1"]
[WhiteTitle "IM"]
[BlackTitle "GM"]
[WhiteElo "2473"]
[BlackElo "2510"]
[WhiteFideId "4641833"]
[BlackFideId "8603642"]
[EventDate "2020.05.15"]

1. d4 Nf6 2. Nf3 e6 3. Bf4 d5 4. e3 c5 5. Nbd2 Nc6 6. c3 Bd6 7. Bg3 O-O 8. Bd3
b6 9. Qe2 Bb7 10. Rd1 Qc7 11. e4 dxe4 12. Nxe4 Nxe4 13. Qxe4 g6 14. dxc5 bxc5
15. Bxd6 Qxd6 16. Ba6 Qc7 17. Bxb7 Qxb7 18. Ne5 Rac8 19. Rd7 Qa8 20. Nxc6 Rxc6
21. O-O Rb6 22. Qxa8 Rxa8 23. b3 c4 24. bxc4 Rc8 25. Rxa7 Rxc4 26. g3 Rxc3 27.
Rd1 Rb2 28. Rdd7 Rf3 29. a4 Rfxf2 30. a5 Rg2+ 31. Kf1 Rxh2 32. Kg1 Rbg2+ 33. Kf1
Ra2 34. Kg1 Rhg2+ 35. Kf1 Rgf2+ 36. Kg1 Rf5 37. a6 Rc5 38. Rd1 Kg7 39. Rf1 Rf5
40. Rd1 h5 41. Ra8 Rfa5 42. Rd6 Rb5 43. Rd1 Rb6 44. a7 Rb7 45. Rc1 Rbxa7 46.
Rac8 Ra1 47. Rxa1 Rxa1+ 48. Kg2 Ra2+ 49. Kf3 Ra7 50. Rd8 Kf6 51. Rf8 Ra3+ 52.
Kf4 Ra4+ 53. Kf3 e5 54. Rc8 Kf5 55. Rc6 Ra3+ 56. Kg2 f6 57. Rc4 g5 58. Rb4 Rd3
59. Rc4 Rd4 60. Rc6 g4 61. Rc8 Rd2+ 62. Kg1 Ke4 63. Rh8 Kf3 64. Rxh5 Kxg3 65.
Kf1 Rf2+ 66. Kg1 f5 67. Rh8 e4 68. Rc8 Rg2+ 69. Kf1 Rd2 70. Rc3+ Rd3 71. Rc2 Kf4
72. Kg2 g3 73. Rc8 Rd2+ 74. Kg1 Kf3 0-1

[Event "FIDE Steinitz Mem Women"]
[Site "chess24.com INT"]
[Date "2020.05.15"]
[Round "2.1"]
[White "Sebag, Marie"]
[Black "Lei, Tingjie"]
[Result "0-1"]
[WhiteTitle "GM"]
[BlackTitle "GM"]
[WhiteElo "2438"]
[BlackElo "2505"]
[WhiteFideId "617822"]
[BlackFideId "8605114"]
[EventDate "2020.05.15"]

1. e4 e5 2. Nf3 Nc6 3. Bb5 Nf6 4. d3 Bc5 5. O-O Nd4 6. Nxd4 Bxd4 7. c3 Bb6 8.
Nd2 c6 9. Ba4 d6 10. Nc4 Bc7 11. Bc2 h6 12. h3 b5 13. Ne3 Rb8 14. Qf3 O-O 15.
Nf5 Bxf5 16. Qxf5 Qe7 17. Re1 Bb6 18. a4 a6 19. Qf3 Nh7 20. Bb3 Kh8 21. Be3 Bxe3
22. Qxe3 Ng5 23. axb5 axb5 24. Ra7 Rb7 25. Rea1 Rfb8 26. Rxb7 Rxb7 27. Ra8+ Kh7
28. h4 Ne6 29. Qh3 Qf6 30. Bxe6 fxe6 31. Rc8 b4 32. Qg3 bxc3 33. bxc3 c5 34. h5
Rb3 35. c4 Qg5 36. Qf3 Qf4 37. Qxf4 exf4 38. Re8 e5 39. Kh2 Rxd3 40. f3 Rd4 41.
Re6 Kg8 42. Kh3 Kf7 43. Rg6 Rd2 44. Kh2 Rd1 45. g3 Rd2+ 46. Kh3 fxg3 47. Kxg3
Rd1 48. Kf2 Rd4 49. Ke3 Rd1 50. Ke2 Rd4 51. Ke3 Rxc4 52. Rxd6 Rc1 53. Rd7+ Kf6
54. Rd6+ Ke7 55. Rg6 Kf7 56. Rc6 Rh1 57. Rxc5 Rxh5 58. Rc7+ Kg8 59. Kf2 Rg5 60.
Rc8+ Kh7 61. Rc5 Kg6 62. Rc6+ Kh7 63. Re6 h5 64. Rc6 h4 65. Rc1 Kh6 66. Rh1 Kh5
67. f4 exf4 68. Kf3 Rg3+ 69. Kxf4 g5+ 70. Kf5 h3 71. e5 g4 72. e6 Re3 73. Kf6
Kh4 74. e7 g3 75. Kf7 g2 76. Rc1 h2 77. Rc4+ Kg3 78. Rc3 Rxc3 79. e8=Q Rf3+ 80.
Kg6 g1=Q 81. Qe5+ Rf4 82. Kg5 Kf3+ 0-1

[Event "FIDE Steinitz Mem Women"]
[Site "chess24.com INT"]
[Date "2020.05.15"]
[Round "2.2"]
[White "Tan, Zhongyi"]
[Black "Khademalsharieh, Sarasadat"]
[Result "1-0"]
[WhiteTitle "GM"]
[BlackTitle "IM"]
[WhiteElo "2510"]
[BlackElo "2494"]
[WhiteFideId "8603642"]
[BlackFideId "12512214"]
[EventDate "2020.05.15"]

1. d4 Nf6 2. c4 e6 3. Nc3 Bb4 4. Qc2 O-O 5. a3 Bxc3+ 6. Qxc3 b6 7. Bg5 Bb7 8. f3
h6 9. Bh4 d5 10. e3 Nbd7 11. cxd5 Nxd5 12. Bxd8 Nxc3 13. Bh4 Nd5 14. Bf2 c5 15.
Bb5 Rfd8 16. Ne2 cxd4 17. Nxd4 a6 18. Be2 Nc5 19. O-O e5 20. Nf5 e4 21. Rac1 Nb3
22. Rc2 Rac8 23. Rxc8 Bxc8 24. fxe4 Bxf5 25. exf5 b5 26. Rd1 Rd7 27. Bf3 Nf6 28.
Rxd7 Nxd7 29. Bd5 Nc1 30. e4 Nd3 31. Bd4 Kf8 32. Kf1 f6 33. g3 Ke7 34. Ke2 N3c5
35. b4 Na4 36. Kd3 Kd6 37. Bb7 Nb8 38. Ba7 Kc7 39. Bxb8+ Kxb7 40. Bd6 Nb2+ 41.
Kc3 Nd1+ 42. Kd4 Nf2 43. Bf8 Ng4 44. Bxg7 Nxh2 45. Bxf6 h5 46. e5 Kc6 47. e6 Kd6
48. Be5+ Ke7 49. Kd5 Ng4 50. f6+ 1-0

[Event "FIDE Steinitz Mem Women"]
[Site "chess24.com INT"]
[Date "2020.05.15"]
[Round "2.3"]
[White "Lagno, Kateryna"]
[Black "Paehtz, Elisabeth"]
[Result "0-1"]
[WhiteTitle "GM"]
[BlackTitle "IM"]
[WhiteElo "2546"]
[BlackElo "2473"]
[WhiteFideId "14109336"]
[BlackFideId "4641833"]
[EventDate "2020.05.15"]

1. e4 c5 2. Nf3 d6 3. d4 cxd4 4. Nxd4 Nf6 5. Nc3 a6 6. Be3 e5 7. Nf3 Be6 8. Ng5
Qc7 9. Nxe6 fxe6 10. a4 Be7 11. Be2 O-O 12. O-O Nc6 13. f4 exf4 14. Rxf4 Ne5 15.
Rf1 Rac8 16. a5 Nc4 17. Bxc4 Qxc4 18. Qd3 Nd7 19. Rxf8+ Bxf8 20. Ra4 Qc6 21. Qe2
Ne5 22. Bf2 Be7 23. Rd4 Bf6 24. Rd1 Nc4 25. Qg4 Re8 26. Ne2 Nxb2 27. Nd4 Qc4 28.
Rd2 Qc3 29. Nf3 Nc4 30. Re2 Ne5 31. Nxe5 Qxe5 32. h4 Qxa5 33. Bg3 Qc3 34. Bxd6
Qd4+ 35. Rf2 Qxd6 36. Rxf6 Qd4+ 37. Rf2 Rf8 38. Qxe6+ Kh8 0-1

[Event "FIDE Steinitz Mem Women"]
[Site "chess24.com INT"]
[Date "2020.05.15"]
[Round "3.3"]
[White "Paehtz, Elisabeth"]
[Black "Stefanova, Antoaneta"]
[Result "0-1"]
[WhiteTitle "IM"]
[BlackTitle "GM"]
[WhiteElo "2473"]
[BlackElo "2462"]
[WhiteFideId "4641833"]
[BlackFideId "2902257"]
[EventDate "2020.05.15"]

1. d4 d5 2. Bf4 Nf6 3. e3 e6 4. Nf3 Bd6 5. Nbd2 Bxf4 6. exf4 b6 7. c3 O-O 8. g3
c5 9. Bd3 Ba6 10. Bxa6 Nxa6 11. Qe2 Nc7 12. O-O Nce8 13. Ne5 Nd6 14. Nb3 Qc7 15.
Rae1 a5 16. a3 a4 17. Nd2 cxd4 18. cxd4 Rfc8 19. Nd3 Nfe4 20. Rc1 Qb7 21. Nb4
Nxd2 22. Qxd2 Rc4 23. Rxc4 Nxc4 24. Qe2 Rc8 25. Re1 Nd6 26. Qd3 g6 27. Kg2 b5
28. h4 h5 29. Re2 Rc4 30. Rxe6 fxe6 31. Qxg6+ Kf8 32. Qxe6 Nf7 33. Qf6 Qe7 34.
Qb6 Qe4+ 35. Kh2 Rc1 36. Qb8+ Kg7 0-1

[Event "FIDE Steinitz Mem Women"]
[Site "chess24.com INT"]
[Date "2020.05.15"]
[Round "3.4"]
[White "Khademalsharieh, Sarasadat"]
[Black "Lagno, Kateryna"]
[Result "1/2-1/2"]
[WhiteTitle "IM"]
[BlackTitle "GM"]
[WhiteElo "2494"]
[BlackElo "2546"]
[WhiteFideId "12512214"]
[BlackFideId "14109336"]
[EventDate "2020.05.15"]

1. d4 Nf6 2. c4 g6 3. g3 Bg7 4. Bg2 O-O 5. Nc3 Nc6 6. Nf3 d5 7. cxd5 Nxd5 8. O-O
Nb6 9. e3 Re8 10. Re1 a5 11. Qe2 e5 12. dxe5 Nxe5 13. Nxe5 Bxe5 14. Rd1 Qe7 15.
Bd2 a4 16. Rac1 c6 17. Be1 Be6 18. f4 Bxc3 19. bxc3 Bd5 20. Bf2 Bxg2 21. Kxg2
Nd5 22. Rd3 Qe4+ 23. Kg1 Qc4 24. Qd2 Nf6 25. Rd4 Qe6 26. Qb2 Ne4 27. a3 b5 28.
Re1 h5 29. Qc2 Rad8 30. Red1 Rxd4 31. exd4 h4 32. Re1 h3 33. Re3 Qd5 34. Be1 f5
35. Qe2 Kf7 36. g4 fxg4 37. Qxg4 Rh8 38. Rxh3 Nf6 39. Qg3 Re8 40. Bf2 Re2 41.
Qf3 Qe6 42. Bh4 Ra2 43. Bxf6 Kxf6 44. Rg3 Qe1+ 45. Qf1 Qd2 46. Rg2 Qe3+ 47. Kh1
Rxg2 48. Qxg2 Qc1+ 49. Qg1 Qxc3 50. Qg5+ Kf7 51. Qe5 Qxa3 52. Qc7+ Qe7 53. Qxc6
a3 54. Qd5+ Qe6 55. Qb7+ Kf6 56. d5 Qe4+ 57. Kg1 Qb1+ 58. Kf2 Qb2+ 59. Kg3 Qb3+
60. Kh4 a2 61. Qc6+ Kg7 62. Qd7+ Kf8 63. Qd8+ Kf7 64. Qd7+ Kf8 65. Qd8+ Kf7 66.
Qd7+ Kf8 1/2-1/2

[Event "FIDE Steinitz Mem Women"]
[Site "chess24.com INT"]
[Date "2020.05.15"]
[Round "3.5"]
[White "Lei, Tingjie"]
[Black "Tan, Zhongyi"]
[Result "0-1"]
[WhiteTitle "GM"]
[BlackTitle "GM"]
[WhiteElo "2505"]
[BlackElo "2510"]
[WhiteFideId "8605114"]
[BlackFideId "8603642"]
[EventDate "2020.05.15"]

1. e4 e5 2. Nf3 Nc6 3. Bc4 Nf6 4. d3 Bc5 5. c3 d6 6. O-O a6 7. Bb3 Ba7 8. Nbd2
O-O 9. h3 h6 10. Re1 Kh8 11. Nf1 Ne7 12. Ng3 Ng6 13. d4 Be6 14. Bc2 c6 15. Be3
Qc7 16. Nf5 Bxf5 17. exf5 Nf4 18. dxe5 dxe5 19. Bxa7 Rxa7 20. Nxe5 Raa8 21. Qf3
N4d5 22. Re2 Rad8 23. Rae1 b5 24. a3 Kg8 25. Bb3 Rfe8 26. c4 bxc4 27. Bxc4 a5
28. g3 Re7 29. Ng4 Rxe2 30. Rxe2 Qd6 31. Kg2 Qc5 32. Nxf6+ Nxf6 33. b3 a4 34.
Qf4 axb3 35. Bxb3 Qxa3 36. Qc4 Rd7 37. Re3 Qd6 38. Re1 Qd5+ 39. Qxd5 cxd5 40.
Rd1 Kf8 41. g4 Ke7 42. Kf3 Kd6 43. h4 Rb7 44. Rd3 Rb5 45. g5 hxg5 46. hxg5 Ne4
47. g6 f6 48. Bc2 Ke5 49. Ra3 Rc5 0-1

[Event "FIDE Steinitz Mem Women"]
[Site "chess24.com INT"]
[Date "2020.05.15"]
[Round "4.2"]
[White "Lagno, Kateryna"]
[Black "Lei, Tingjie"]
[Result "1/2-1/2"]
[WhiteTitle "GM"]
[BlackTitle "GM"]
[WhiteElo "2546"]
[BlackElo "2505"]
[WhiteFideId "14109336"]
[BlackFideId "8605114"]
[EventDate "2020.05.15"]

1. e4 e5 2. Nf3 Nc6 3. Bb5 Nf6 4. O-O Nxe4 5. Re1 Nd6 6. Nxe5 Be7 7. Bf1 Nxe5 8.
Rxe5 O-O 9. d4 Bf6 10. Re1 Nf5 11. c3 d5 12. Bf4 c6 13. Nd2 Bd7 14. Nf3 Re8 15.
Ne5 Be6 16. Bd3 Bg5 17. Qd2 Bxf4 18. Qxf4 Nd6 19. Re3 f6 20. Nf3 Qd7 21. Rae1
Bf7 22. h4 Rxe3 23. Rxe3 Re8 24. Nd2 Rxe3 25. fxe3 Qe7 26. a3 Bg6 27. Bxg6 hxg6
28. Qg4 Qxe3+ 29. Kh2 Qxd2 30. Qe6+ Nf7 31. Qe8+ Kh7 32. Qxf7 Qxb2 33. h5 Qb1
34. hxg6+ Kh6 35. a4 a5 36. Qc7 Kxg6 37. Qxa5 b6 38. Qa8 c5 39. Qxd5 cxd4 40.
cxd4 Qc1 41. Qe4+ Kf7 42. d5 Qc7+ 43. Kh1 Qd6 44. Qc4 g6 45. Qb5 f5 46. Qa6 Kf6
47. a5 Qxd5 48. Qxb6+ Kg7 49. Qc7+ Kf6 50. Qc3+ Kf7 51. Qa1 Qb7 52. a6 Qa7 53.
Qa5 Qb8 54. Qd5+ Kf6 55. Qb7 Qf4 56. Qb6+ Kg7 57. Qb2+ Kh7 58. Qa1 Qh4+ 59. Kg1
Qe4 60. Qc3 Qa4 61. Qc7+ Kh6 62. a7 Qd4+ 63. Kh2 Qh4+ 64. Kg1 Qe1+ 65. Kh2 Qh4+
66. Kg1 Qe1+ 67. Kh2 Qh4+ 1/2-1/2

[Event "FIDE Steinitz Mem Women"]
[Site "chess24.com INT"]
[Date "2020.05.15"]
[Round "4.3"]
[White "Stefanova, Antoaneta"]
[Black "Khademalsharieh, Sarasadat"]
[Result "1-0"]
[WhiteTitle "GM"]
[BlackTitle "IM"]
[WhiteElo "2462"]
[BlackElo "2494"]
[WhiteFideId "2902257"]
[BlackFideId "12512214"]
[EventDate "2020.05.15"]

1. d4 d5 2. Nf3 e6 3. e3 Nf6 4. Bd3 c5 5. c3 Nc6 6. O-O Bd6 7. Nbd2 O-O 8. dxc5
Bxc5 9. e4 dxe4 10. Nxe4 Be7 11. Qc2 Nxe4 12. Bxe4 f5 13. Bxc6 bxc6 14. Ne5 Qc7
15. Re1 Bd6 16. f4 c5 17. c4 Bb7 18. b3 Be4 19. Qc3 Bxe5 20. Qxe5 Qxe5 21. fxe5
Rfd8 22. Be3 Rac8 23. Rad1 Rxd1 24. Rxd1 Rc7 25. Rd6 Kf7 26. Kf2 Bb7 27. h4 Ke7
28. Bg5+ Kf7 29. Bd8 Rc8 30. Rd7+ Kg8 31. Rxb7 Rxd8 32. Rxa7 Rd2+ 33. Kf3 Rd3+
34. Kf2 Rd2+ 35. Kg3 Re2 36. Ra5 Rxe5 37. b4 Re3+ 38. Kf2 Rc3 39. Rxc5 Rc2+ 40.
Kf3 Rxa2 41. b5 Kf7 42. b6 Ra3+ 43. Kf2 Ra8 44. b7 Rb8 45. Rc7+ Kf6 46. c5 Ke5
47. c6 1-0

[Event "FIDE Steinitz Mem Women"]
[Site "chess24.com INT"]
[Date "2020.05.15"]
[Round "4.5"]
[White "Abdumalik, Zhansaya"]
[Black "Cori T., Deysi"]
[Result "1-0"]
[WhiteTitle "IM"]
[BlackTitle "WGM"]
[WhiteElo "2478"]
[BlackElo "2388"]
[WhiteFideId "13703544"]
[BlackFideId "3801934"]
[EventDate "2020.05.15"]

1. e4 d5 2. exd5 Qxd5 3. Nc3 Qd6 4. d4 Nf6 5. Nf3 a6 6. g3 Bg4 7. h3 Bh5 8. Bg2
Nc6 9. Bf4 Qb4 10. O-O O-O-O 11. a3 Qxb2 12. Na4 Qb5 13. c4 Qf5 14. d5 e5 15.
Be3 e4 16. g4 Nxg4 17. hxg4 Bxg4 18. Nh4 Qh5 19. f3 exf3 20. Bxf3 Ne5 21. Bxg4+
Nxg4 22. Rf4 f5 23. Bf2 Bd6 24. Rxf5 Qh6 25. Qxg4 Kb8 26. c5 Be7 27. c6 Rhf8 28.
Rb1 b5 29. Nc5 Bxh4 30. Nxa6+ Ka8 31. Nxc7+ Kb8 32. Rxb5+ Kxc7 33. Rxf8 Rxf8 34.
Qd7# 1-0

[Event "FIDE Steinitz Mem Women"]
[Site "chess24.com INT"]
[Date "2020.05.15"]
[Round "5.1"]
[White "Cori T., Deysi"]
[Black "Sebag, Marie"]
[Result "0-1"]
[WhiteTitle "WGM"]
[BlackTitle "GM"]
[WhiteElo "2388"]
[BlackElo "2438"]
[WhiteFideId "3801934"]
[BlackFideId "617822"]
[EventDate "2020.05.15"]

1. d4 d5 2. c3 Nf6 3. Nf3 e6 4. g3 c5 5. Bg2 Nc6 6. O-O Be7 7. Ne5 Nxe5 8. dxe5
Ng4 9. e4 Nxe5 10. exd5 exd5 11. Re1 Nc6 12. Qxd5 Be6 13. Qxd8+ Rxd8 14. Nd2 O-O
15. Ne4 h6 16. Be3 c4 17. Nc5 Bc8 18. Rad1 Rfe8 19. Rxd8 Bxd8 20. Rd1 Bb6 21.
Ne4 Bxe3 22. fxe3 Be6 23. Nc5 Bc8 24. Ne4 Ne5 25. Rd5 Bg4 26. Nd6 Re6 27. Nxb7
Nf3+ 28. Kf2 Ng5 29. Rd8+ Kh7 30. Nd6 Rf6+ 31. Kg1 Nh3+ 32. Kh1 Nf2+ 33. Kg1
Nh3+ 34. Kh1 Rf2 35. Ne4 Rxb2 0-1

[Event "FIDE Steinitz Mem Women"]
[Site "chess24.com INT"]
[Date "2020.05.15"]
[Round "5.2"]
[White "Paehtz, Elisabeth"]
[Black "Abdumalik, Zhansaya"]
[Result "0-1"]
[WhiteTitle "IM"]
[BlackTitle "IM"]
[WhiteElo "2473"]
[BlackElo "2478"]
[WhiteFideId "4641833"]
[BlackFideId "13703544"]
[EventDate "2020.05.15"]

1. d4 Nf6 2. Nf3 g6 3. Bg5 Bg7 4. Nbd2 d5 5. c3 O-O 6. e3 c5 7. Be2 b6 8. O-O
Nc6 9. Qa4 Bb7 10. Qa3 Nd7 11. b4 c4 12. b5 Na5 13. Bxe7 Qe8 14. Bxf8 Bxf8 15.
Qb2 Nf6 16. Bd1 h6 17. Bc2 Bd6 18. Rfe1 Ne4 19. Nxe4 dxe4 20. Nd2 Qe7 21. Qc1
Bd5 22. Qd1 h5 23. Rb1 Rf8 24. Qe2 Kg7 25. f3 f5 26. fxe4 fxe4 27. Rf1 Re8 28.
Qf2 Qg5 29. Rbe1 h4 30. Nxe4 Bxe4 31. Qf7+ Kh6 32. Bxe4 Rxe4 33. Qg8 Re7 34.
Qf8+ Kh7 35. e4 h3 36. Re2 Rd7 37. Rf7+ Rxf7 38. Qxf7+ Kh6 39. Qf3 hxg2 40. e5
Be7 41. Qh3+ Kg7 42. Qxg2 Qc1+ 43. Kf2 Qxc3 44. Qe4 Qd3 45. Qxd3 cxd3 46. Rd2
Kf7 47. Kf3 Nc4 48. Rxd3 Bb4 49. Ke4 Nd2+ 50. Kd5 Ke7 51. Kc6 Nc4 52. Rh3 Ke6
53. Rh8 Bc3 54. Re8+ Kf7 55. Rd8 Na5+ 56. Kd5 Ke7 57. Ra8 g5 58. Rxa7+ Kd8 59.
Ke4 Nc4 60. Rh7 Nd2+ 61. Kd5 Bb4 62. Rg7 Nf3 63. Rh7 g4 64. Ke4 Ng5+ 65. Kf5
Nxh7 66. Kxg4 Ke7 67. Kf5 Bc3 68. d5 Nf8 69. d6+ Kd7 70. h4 Bd2 71. h5 Ne6 72.
Kf6 Bf4 73. Kf5 Bc1 74. a4 Bd2 75. Kf6 Nc5 76. Kf7 Bf4 77. Kf6 Nxa4 78. e6+ Kxd6
79. e7 Bg5+ 80. Kxg5 Kxe7 81. Kg6 Kf8 82. h6 Kg8 83. Kf6 Nc3 84. Kg6 Nxb5 85.
Kf6 Nc7 86. Ke7 b5 0-1

[Event "FIDE Steinitz Mem Women"]
[Site "chess24.com INT"]
[Date "2020.05.15"]
[Round "5.4"]
[White "Lei, Tingjie"]
[Black "Stefanova, Antoaneta"]
[Result "1-0"]
[WhiteTitle "GM"]
[BlackTitle "GM"]
[WhiteElo "2505"]
[BlackElo "2462"]
[WhiteFideId "8605114"]
[BlackFideId "2902257"]
[EventDate "2020.05.15"]

1. e4 e5 2. Nf3 Nc6 3. Bb5 a6 4. Ba4 g6 5. c3 b5 6. Bc2 Bg7 7. a4 Rb8 8. O-O d6
9. Re1 Nge7 10. d4 exd4 11. Nxd4 O-O 12. Bg5 Bd7 13. axb5 axb5 14. Nxc6 Bxc6 15.
e5 d5 16. Nd2 h6 17. Bh4 g5 18. Bg3 Bd7 19. Nb3 Bf5 20. Nc5 Qc8 21. Bxf5 Qxf5
22. e6 Rbc8 23. Ra7 Nc6 24. Ra6 Ne7 25. Ra7 Nc6 26. Rxc7 Rxc7 27. Bxc7 fxe6 28.
Nxe6 Qxf2+ 29. Kh1 Rf7 30. Bg3 Qf5 31. Nxg7 Kxg7 32. h3 Ne7 33. Qd4+ Kh7 34. Qb6
Ng6 35. Qxb5 h5 36. Qe2 Kh6 37. Kg1 h4 38. Bd6 Qd7 39. Qe6 Qb7 40. b4 Kh7 41.
Bc5 Nf4 42. Qg4 Kg6 43. Re5 1-0

[Event "FIDE Steinitz Mem Women"]
[Site "chess24.com INT"]
[Date "2020.05.15"]
[Round "5.5"]
[White "Tan, Zhongyi"]
[Black "Lagno, Kateryna"]
[Result "0-1"]
[WhiteTitle "GM"]
[BlackTitle "GM"]
[WhiteElo "2510"]
[BlackElo "2546"]
[WhiteFideId "8603642"]
[BlackFideId "14109336"]
[EventDate "2020.05.15"]

1. d4 Nf6 2. c4 g6 3. Nc3 d5 4. cxd5 Nxd5 5. g3 Bg7 6. Bg2 Nb6 7. Nf3 O-O 8. O-O
Nc6 9. d5 Na5 10. Qc2 c6 11. dxc6 Nxc6 12. Rd1 Bd7 13. Bf4 Rc8 14. Qd3 Be6 15.
Qxd8 Rfxd8 16. Rxd8+ Rxd8 17. Ng5 Bc4 18. Bxc6 bxc6 19. Kf1 Nd5 20. Nge4 Nxf4
21. gxf4 f5 22. Ng3 Rd2 23. Rb1 a5 24. Ke1 Rxb2 25. Rc1 Bxc3+ 26. Rxc3 Bd5 27.
a3 a4 28. h4 Kf7 29. h5 Kf6 30. hxg6 Kxg6 31. e3 h5 32. Rd3 h4 33. Ne2 Rxe2+ 0-1

[Event "FIDE Steinitz Mem Women"]
[Site "chess24.com INT"]
[Date "2020.05.15"]
[Round "6.1"]
[White "Sebag, Marie"]
[Black "Lagno, Kateryna"]
[Result "1/2-1/2"]
[WhiteTitle "GM"]
[BlackTitle "GM"]
[WhiteElo "2438"]
[BlackElo "2546"]
[WhiteFideId "617822"]
[BlackFideId "14109336"]
[EventDate "2020.05.15"]

1. e4 e5 2. Nf3 Nc6 3. Bb5 g6 4. c3 Bg7 5. d4 exd4 6. cxd4 a6 7. Ba4 b5 8. Bb3
Nge7 9. d5 Na5 10. Bd2 Nxb3 11. axb3 O-O 12. Bc3 f5 13. Bxg7 Kxg7 14. O-O Bb7
15. Nc3 fxe4 16. Qd4+ Kg8 17. Qxe4 Nc8 18. Rfe1 Nd6 19. Qd4 Qf6 20. Qxf6 Rxf6
21. Ne5 Rd8 22. b4 Rf4 23. Nd3 Rd4 24. Nc5 Rxb4 25. Nxb7 Nxb7 26. Rxa6 Rxb2 27.
g3 Nc5 28. Ra7 Nd3 29. Re2 b4 30. Rxb2 Nxb2 31. Ne4 Nd3 32. Rxc7 b3 33. Rb7 b2
34. Kf1 Rc8 35. Ke2 Rc1 36. Nd2 Rc3 37. Ne4 Rc1 38. Nd2 Rc3 39. Ne4 Rc1 1/2-1/2

[Event "FIDE Steinitz Mem Women"]
[Site "chess24.com INT"]
[Date "2020.05.15"]
[Round "6.2"]
[White "Stefanova, Antoaneta"]
[Black "Tan, Zhongyi"]
[Result "0-1"]
[WhiteTitle "GM"]
[BlackTitle "GM"]
[WhiteElo "2462"]
[BlackElo "2510"]
[WhiteFideId "2902257"]
[BlackFideId "8603642"]
[EventDate "2020.05.15"]

1. d4 Nf6 2. Nf3 d5 3. c4 e6 4. g3 Be7 5. Bg2 O-O 6. O-O dxc4 7. Qc2 a6 8. a4
Bd7 9. Qxc4 Bc6 10. Bg5 Bd5 11. Qd3 Be4 12. Qd1 c5 13. dxc5 Bxc5 14. Nc3 Bc6 15.
Ne5 Bxg2 16. Kxg2 Qc7 17. Bxf6 gxf6 18. Nd3 Be7 19. Rc1 Nc6 20. e4 Qb6 21. Nf4
Kh8 22. Qe2 Rad8 23. Rfd1 Qb4 24. Nd3 Qb3 25. Qe3 Rd4 26. Rd2 Rfd8 27. Rcd1 Qc4
28. Nf4 Rxd2 29. Rxd2 Rxd2 30. Qxd2 Qd4 31. Qe2 Ne5 32. Qh5 Ng6 33. Qf3 Ne5 34.
Qh5 Bc5 35. Nh3 Bf8 36. Qe2 Nd3 37. Nf4 Nxf4+ 38. gxf4 Bc5 39. h4 h6 40. Kg3 Bb4
41. Nd1 Kg7 42. b3 b6 43. Qc2 Bc5 44. Ne3 b5 45. axb5 axb5 46. h5 b4 47. Ng4
Qc3+ 48. Qxc3 bxc3 49. b4 c2 50. bxc5 c1=Q 0-1

[Event "FIDE Steinitz Mem Women"]
[Site "chess24.com INT"]
[Date "2020.05.15"]
[Round "6.5"]
[White "Cori T., Deysi"]
[Black "Paehtz, Elisabeth"]
[Result "0-1"]
[WhiteTitle "WGM"]
[BlackTitle "IM"]
[WhiteElo "2388"]
[BlackElo "2473"]
[WhiteFideId "3801934"]
[BlackFideId "4641833"]
[EventDate "2020.05.15"]

1. d4 e6 2. c4 b6 3. Nf3 Bb7 4. g3 Bb4+ 5. Bd2 Bxf3 6. exf3 Bxd2+ 7. Qxd2 Ne7 8.
Bg2 d5 9. O-O c6 10. b3 O-O 11. Nc3 Nd7 12. Rad1 Nf6 13. f4 Qd6 14. Qe2 Rfd8 15.
Rfe1 g6 16. Qe5 Ne8 17. h4 h5 18. Bf3 Nf5 19. Qxd6 Nexd6 20. c5 bxc5 21. dxc5
Nb7 22. Na4 Na5 23. Rd3 Rab8 24. Bd1 Rb5 25. Rc3 Rdb8 26. Be2 Rb4 27. Bd3 Nd4
28. Kg2 Kf8 29. Rd1 Ke7 30. Bf1 Nf5 31. Bd3 Nh6 32. f3 Ng8 33. Kf2 Nf6 34. Be2
Nd7 35. Rdc1 Kf6 36. Bd1 e5 37. fxe5+ Nxe5 38. Be2 d4 39. f4 dxc3 40. fxe5+ Kxe5
41. Rxc3 Kf6 42. Re3 R4b7 43. Rf3+ Kg7 44. Nc3 Re7 45. Rf4 Re5 46. b4 Nb7 47.
Bf3 Nd8 48. Rd4 Ne6 49. Rc4 a5 50. a3 axb4 51. axb4 Rf5 52. Ne4 Ra8 53. Rc3 Ra2+
54. Ke3 Rb2 55. Nd6 Re5+ 56. Kd3 Rxb4 57. Bxc6 Rxc5 58. Rxc5 Nxc5+ 59. Ke3 Ne6
60. Ne4 f5 61. Nd2 f4+ 62. gxf4 Nxf4 63. Nf3 Ng2+ 64. Kf2 Nxh4 0-1

[Event "FIDE Steinitz Mem Women"]
[Site "chess24.com INT"]
[Date "2020.05.16"]
[Round "7.1"]
[White "Paehtz, Elisabeth"]
[Black "Sebag, Marie"]
[Result "0-1"]
[WhiteTitle "IM"]
[BlackTitle "GM"]
[WhiteElo "2473"]
[BlackElo "2438"]
[WhiteFideId "4641833"]
[BlackFideId "617822"]
[EventDate "2020.05.15"]

1. d4 d5 2. Bf4 Nf6 3. e3 c5 4. c3 Nc6 5. Nd2 e6 6. Ngf3 cxd4 7. exd4 Nh5 8. Be3
Bd6 9. Ne5 Nf6 10. f4 O-O 11. Bd3 Bd7 12. O-O Ne7 13. Qf3 Bc6 14. g4 Ng6 15. g5
Nd7 16. Qh3 f5 17. gxf6 Qxf6 18. Ndf3 Rfe8 19. Ng5 Ndf8 20. Bxg6 hxg6 21. Nef7
Qxf7 22. Nxf7 Kxf7 23. Bf2 Nd7 24. Bh4 Rh8 25. Qg3 Rh5 26. Bg5 Rah8 27. Rae1 Nf6
28. Bxf6 gxf6 29. Re2 Bb5 30. Rfe1 Bxe2 31. Rxe2 Rf5 32. Qe3 Re8 33. Rf2 b6 34.
Qd3 Bxf4 35. Qb5 Be3 36. Qd7+ Re7 37. Qd8 Bxf2+ 38. Kg2 Be3 39. Qh8 Rh5 40. Qd8
Rg5+ 41. Kf3 Bc1 42. b3 Rh5 43. Kg2 Bf4 44. h3 Rg5+ 45. Kf3 Rf5 46. Kg2 Bg5 47.
c4 dxc4 48. bxc4 Rf4 49. c5 bxc5 50. dxc5 Rc4 51. Qc8 Bf4 52. c6 Rc7 53. Qh8
R4xc6 54. Qh7+ Kf8 55. Qh8+ Ke7 56. Qg7+ Kd6 57. Qxf6 Be5 58. Qd8+ Rd7 59. Qf8+
Kd5 60. Qf3+ Kd6 61. Qf8+ Kc7 62. Qa8 Bd4 63. Kf3 Bb6 64. Qg8 Rd3+ 65. Kf4 Rc5
66. Qf7+ Rd7 67. Qxe6 Rd4+ 68. Kf3 Rc3+ 69. Ke2 Rdd3 70. Qe5+ Kb7 71. Qe4+ Ka6
72. Qa4+ Kb7 73. Qe4+ Kc7 74. Qe5+ Kd7 75. Qg7+ Kd8 76. Qf6+ Kc8 77. Qe6+ Kb8
78. Qe5+ Bc7 79. Qb5+ Kc8 80. Qe8+ Kb7 81. Qb5+ Ka8 82. Qe8+ Bd8 83. Qe4+ Kb8
84. Qe5+ Kc8 85. Qe6+ Kb7 86. Qe4+ Kc7 87. Qe5+ Kd7 88. Qg7+ Be7 89. Qxg6 Re3+
90. Kd2 Rcd3+ 91. Kc2 Rxh3 92. Qf5+ Ke8 93. Qg6+ Kf8 94. Qf5+ Kg7 95. Qg4+ Kf7
96. Qf5+ Bf6 97. Qe4 Rc3+ 98. Kd2 Rh2+ 99. Kd1 Rcc2 100. Qd5+ Kg7 101. Qd7+ Kh6
102. Qf5 Rhd2+ 103. Ke1 Bh4+ 0-1